| 000 | 00526nam a22000977a 4500 | ||
|---|---|---|---|
| 999 |
_c2829 _d2829 |
||
| 008 | 181001b ||||| |||| 00| 0 eng d | ||
| 100 | _aMoller, Mads | ||
| 245 | _aThe 60 years' work of the Christmas Seal Committee ; The Christmas seal 1904-1963 | ||
| 260 |
_aCopenhagen _bChristmas Seal Committee _c1963 |
||
| 650 | _aDenmark | Christmas Seals | 1904-1963 | Catalogs and Price Lists Julemaerkekomiteen (Denmark). | Seals and Labels | Cinderella Material | Designs | Production -- Sheets and Panes | Artists and Designers | 20th Century | ||